Taiwan True Or False - Statistics

General Stats
  • This quiz has been taken 57 times
  • The average score is 9 of 10
Answer Stats
Question Answer % Correct
Taiwan's Official Language Is Japanese False
100%
The Capital Of Taiwan Is Taipei True
100%
Bubble tea has its origins in Taiwan True
100%
Taiwan Is Bigger Than New Zealand False
86%
It Takes About 2 Days To Drive Around The Entire Island Of Taiwan. False
86%
In Taiwan, White Symbolizes Death True
86%
The Most Popular Sports In Taiwan Are Baseball, Basketball, And Ping-Pong True
86%
Instant Noodles Were Invented In Taiwan. False
71%
Taiwan Was The Second Asian Democratic Republic. False
71%
Taiwan Is Independent True
71%
No matching quizzes found
Score Distribution
Percent of People with Each Score
Percentile by Number Answered
Your Score History
You have not taken this quiz